Quizzes
Events
Quiz Creation
Community
Videos
Private Events
Remove Ads
Sign In
Join for FREE
Feedback
Dark Mode
Quiz Categories
Sports
Geography
Music
Movies
Television
Just For Fun
Miscellaneous
History
Literature
Language
Science
Gaming
Entertainment
Religion
Holiday
For Kids
Quiz Lab
Recent
Popular Today
Quiz Kudos Today
Editor Picks
Curator Picks
Quizzes by...
Day
Popularity
Type
Ratings
Length
Year
Community
Subscriptions
Recent Discussions
Orange Saloon
Badges
Playlists
Quests
Create
Leaderboards
Showdown
Live 5
Trivia Bingo
Activity
Puzzle Library
Sporcle Events
Private Events
Virtual Trivia
Globe League
Become a Host
Pub Owners
SporcleCon
Opinionation
Our Games
Videos
Blog
Mobile Apps
Partnerships
Remove Ads and Go Orange
Feedback
Geography
Country
Landmarks
City
State
Population
World
Capital
Continent
Flags
Europe
Africa
Asia
South America
North America
Oceania
Border
Canada
United Kingdom
Topography
United States
Geography
Country
Landmarks
City
State
Population
World
Capital
Continent
Flags
Europe
Africa
Asia
South America
North America
Oceania
Border
Canada
United Kingdom
Topography
United States
Random Quiz
Search Sporcle
×
Quiz Lab
Quiz Lab
Geography
Passenger
Type in answers that appear in a list
Type in answers that appear in a list
Classic
Best Score? Go Orange.
Name the top 40 destinations served from Southampton Airport Stats
Can you name the top 40 destinations served from Southampton Airport?
By
angularity
10m
40 Questions
372 Plays
372 Plays
372 Plays
Comments
Comments
Give Quiz Kudos
Give Quiz Kudos
-
- Ratings
hide this ad
Replay
Link that replays current quiz
Next Quiz
Link to next quiz in quiz playlist
You Got
0%
They Got
Avg Score
44%
Avg Friend Score
Upgrade to see
Score Distribution
Jump to the score distribution portion of the page
Score
0/40
Timer
10:00
0
Plays Today
Ranking
Airport
% Correct
15
Paris Charles de Gaulle
92.5%
11
Paris Orly
90.1%
5
Manchester
85.8%
7
Dublin
85.2%
1
Edinburgh
84.9%
3
Glasgow
84.7%
8
Amsterdam
77.7%
9
Belfast City
77.7%
6
Newcastle
73.7%
22
Brussels
64.2%
31
Liverpool
63.2%
10
Leeds Bradford
61.8%
2
Jersey
59.4%
18
Aberdeen
57.8%
25
Nice
55.4%
24
Palma de Mallorca
54.8%
4
Guernsey
54.3%
20
Frankfurt
51.9%
14
Malaga
51.6%
34
Geneva
44.1%
Ranking
Airport
% Correct
39
Inverness
39.2%
12
Alicante
39%
26
Faro
38.4%
23
Dusseldorf
34.9%
32
Isle of Man
33.6%
38
Bordeaux
33.1%
19
Alderney
20.4%
17
Rennes
18%
29
Brest
16.4%
36
Salzburg
15.3%
16
Hanover
14.2%
40
Verona
14%
28
La Rochelle
13.7%
13
Bergerac
12.6%
35
Durham Tees Valley
12.6%
30
Chambery
11%
33
Perpignan
8.9%
27
Avignon
8.3%
21
Limoges
8.1%
37
Isles of Scilly
6.2%
Quiz Playlist
Details
Report
Send in Message
Add To Playlist
Classic:
Type in answers that appear in a list
Last Updated: Feb 16, 2017
Quiz Scoreboard
CHALLENGE
Sign Up to Join the Scoreboard
Show All
Scores
Hide
Comments
May contain spoilers
Recently Published
Pick 6: Fruits
by JohnFran
Miscellaneous
15s
Click the 1999 NBA Draft
by nibperrychub
Sports
2m
Alphabetical 'K' Countries by Flag Minefield
by ylime102
Geography
3m
More to Explore
Quiz From the Vault
Featured Blog Post
15 Basketball Trivia Facts You Can Be March Mad About
hide this ad
You Might Also Like...
Tags
2010
airport
destination
election
Passenger
Served
Southampton
Today's Top Quizzes in Geography
Browse Geography
hide this ad
Today's Top Quizzes in Passenger
Browse Passenger
Top Contributed Quizzes in Geography
1
Countries of the World - No Outlines Minefield
2
Pick 6: Mountains
3
Least Populated Answer: 'G' Countries
4
Alphabetical 'L' Countries By Flag Minefield
5
Lietuvos savivaldybės (Lithuanian Municipalities)
6
Alphabetical 'M' Countries By Flag Minefield
7
Pick 6: National Parks
8
Pick 6: US States
9
African Flag Reveal XXXVI
10
Find the Landmarks A-Z
Explore More
Trending Topics
Marvel
Kpop
Disney
Harry Potter
NBA
Crossword
Anime
NFL
The Office
WWE
Song
Country
Soccer
Pokémon
Puzzle
hide this ad
More By:
angularity
Quiz
Plays
Rating
Category
Featured
Created
London Heathrow Airport's Top 100 destinations in 2010
8,442
4.56
Geography
Aug 20, 2011
Heathrow's Top 50 busiest routes
7,569
4.24
Geography
Sep 28, 2009
Top 300 airport destinations from the UK in 2011
7,341
4.73
Geography
Mar 10, 2012
Top 100 most flown to airports from the UK in 2010
6,588
4.62
Geography
May 29, 2011
Top flown to countries from UK's airports
3,016
4.31
Geography
Sep 25, 2011
Go to Creator's Profile
Score Distribution
Quiz Creator Spotlight
angularity
Follow
Send a Message
Quizzes Created
-
Created Quiz Play Count
-
More By This Creator
Popular Quizzes Today
1
Countries of Asia Without Outlines Minefield
2
Find the US States - No Outlines Minefield
3
Pick 6: Fruits
4
Alphabetical 'K' Countries by Flag Minefield
5
The Countries of the World
6
Find the US States
7
US States
8
Find the Countries of Europe - No Outlines Minefield
More Geography Quizzes
Germany cities over 100k
Quiz Lab
Trending Quizzes
Pick 6: Mountains
Pick 6: Harry Potter
Pick 6: Flags
Pick 6: NFL Teams
Pick 6: Movie Franchises
Recently Updated
NWSL Teams
pecheneg
Women's Final Four Teams by Year
bhenderson79
Presidents Quartet II
eogle
Anything But Clue(do)
eogle
Anything But Oceanian Capitals
eogle
Anything But 7
eogle
Anything But Thing
eogle
Word Ladder: February 29
pecheneg
Song Title Questions
pecheneg
Women's NCAA Tournament #1 Seeds
pecheneg
Trending Topics
Harry Potter
Marvel
Anime
Crossword
NBA
Disney
Kpop
Pokémon
The Office
Soccer
NFL
Song
Puzzle
Country
WWE
Your Account Isn't Verified!
In order to create a playlist on Sporcle, you need to verify the email address you used during registration. Go to your
Sporcle Settings
to finish the process.
Report this User
Report this user for behavior that violates our
Community Guidelines
.
Details:
Send Report
Go to the Sporcle.com Mobile Site →
Comments